[Event "Pilsen Open 2023 - B FIDE open"]
[Site "Parkhotel Plzen ****, Plzen"]
[Date "2023.03.05"]
[Round "2"]
[Board "4"]
[White "Wojtczak, Maciej"]
[Black "Chmelik, Ondrej"]
[Result "1-0"]
[WhiteElo "2242"]
[BlackElo "1921"]
[PlyCount "109"]
[EventDate "2023.03.04"]
[EventRounds "9"]
[EventCountry "CZE"]

1. Nf3 Nf6 2. g3 g6 3. Bg2 Bg7 4. O-O O-O 5. c4 c5 6. d4 cxd4 7. Nxd4 Nc6 8. Nc3
Nxd4 9. Qxd4 d6 10. Rd1 Ng4 11. Qd2 Be6 12. h3 Ne5 13. b3 Nc6 14. Bb2 Qd7 15. Kh2
Rad8 16. Nd5 Bxd5 17. Bxd5 Bxb2 18. Qxb2 e6 19. Bg2 Qe7 20. Rd2 Rd7 21. Rad1 Rfd8
22. f4 f6 23. h4 e5 24. Bd5+ Kg7 25. e3 h5 26. Qc3 Kh6 27. Rf2 e4 28. a3 f5 29. Rfd2
Rf8 30. b4 Nd8 31. Kg2 Kh7 32. Kf2 Kh6 33. Rd4 Nc6 34. R4d2 Nd8 35. Kg2 Kh7 36. c5
Kh6 37. Bb3 Nf7 38. Bxf7 Qxf7 39. Rxd6 Rxd6 40. Rxd6 Qa2+ 41. Qd2 Qxd2+ 42. Rxd2
Kg7 43. Kf2 Rf7 44. Rd6 Rc7 45. Ke2 Kf7 46. Kd2 Kg7 47. Kc3 Kf7 48. Kd4 a6 49. Kd5
Re7 50. a4 Rc7 51. b5 axb5 52. axb5 Re7 53. b6 Kg7 54. c6 bxc6+ 55. Kxc6  1-0

[Event "Pilsen Open 2023 - B FIDE open"]
[Site "Parkhotel Plzen ****, Plzen"]
[Date "2023.03.05"]
[Round "2"]
[Board "5"]
[White "Hodan, Jiri"]
[Black "Zubova, Mariya"]
[Result "0-1"]
[WhiteElo "1882"]
[BlackElo "2226"]
[PlyCount "42"]
[EventDate "2023.03.04"]
[EventRounds "9"]
[EventCountry "CZE"]

1. e4 e5 2. Nf3 Nc6 3. Bc4 Bc5 4. c3 Nf6 5. d4 exd4 6. e5 d5 7. Bb5 Ne4 8. cxd4 Bb6
9. Nc3 O-O 10. Be3 Bf5 11. Rc1 Ne7 12. Bd3 f6 13. Qc2 fxe5 14. Nxd5 Nxd5 15. Bxe4
Nxe3 16. fxe3 Bxe4 17. Qxe4 exd4 18. Nxd4 Re8 19. Qxb7 Bxd4 20. Rxc7 Rb8 21. Qc6
Bxe3  0-1

[Event "Pilsen Open 2023 - B FIDE open"]
[Site "Parkhotel Plzen ****, Plzen"]
[Date "2023.03.05"]
[Round "2"]
[Board "7"]
[White "Folk, Petr"]
[Black "Schmidt, Matthias"]
[Result "1-0"]
[WhiteElo "2132"]
[BlackElo "1885"]
[PlyCount "103"]
[EventDate "2023.03.04"]
[EventRounds "9"]
[EventCountry "CZE"]

1. e4 c5 2. Nf3 d6 3. d4 cxd4 4. Nxd4 Nf6 5. Nc3 g6 6. Be3 Bg7 7. f3 Nc6 8. Qd2 O-O
9. O-O-O Nxd4 10. Bxd4 Be6 11. Kb1 Qc7 12. g4 Rfc8 13. h4 Qa5 14. Qg5 Qxg5 15. hxg5
Nd7 16. Bxg7 Kxg7 17. Rh4 Rc5 18. f4 f5 19. gxf6+ Nxf6 20. g5 Nd7 21. Nb5 Nf8 22.
Nd4 Bd7 23. Bh3 Bxh3 24. Rxh3 e5 25. Nb3 Rc4 26. Nd2 Rc6 27. f5 Rac8 28. c3 b5 29.
a3 a5 30. Nb3 Ra6 31. Rd5 Rc4 32. Nd2 Rc5 33. Rhd3 Rxd5 34. Rxd5 gxf5 35. exf5 h6
36. gxh6+ Kf6 37. Ne4+ Kxf5 38. Rxd6 Rxd6 39. Nxd6+ Kg6 40. Nxb5 Kxh6 41. Kc2 Kg5
42. b4 axb4 43. cxb4 Kf4 44. a4 Nd7 45. a5 Ke4 46. Kc3 Kd5 47. Na3 Nb8 48. Nc4 Nc6
49. Nb6+ Kd6 50. Kc4 Kc7 51. Kc5 Kb7 52. Nc4  1-0

[Event "Pilsen Open 2023 - B FIDE open"]
[Site "Parkhotel Plzen ****, Plzen"]
[Date "2023.03.05"]
[Round "2"]
[Board "8"]
[White "Kalveus, Jan"]
[Black "Wiley, Tom E"]
[Result "0-1"]
[WhiteElo "1815"]
[BlackElo "2125"]
[PlyCount "110"]
[EventDate "2023.03.04"]
[EventRounds "9"]
[EventCountry "CZE"]

1. d4 Nf6 2. Nf3 e6 3. Bf4 c5 4. e3 cxd4 5. exd4 b6 6. Nbd2 Be7 7. Bd3 Bb7 8. Bg3
O-O 9. Qe2 d6 10. Rc1 Nc6 11. c4 d5 12. Qe3 Nb4 13. Bb1 dxc4 14. Nxc4 Bxf3 15. gxf3
Rc8 16. O-O Qd5 17. Be4 Qh5 18. a3 Nbd5 19. Qd2 Nd7 20. Kg2 Bg5 21. f4 Bxf4 22. Ne3
Rxc1 23. Rxc1 N7f6 24. Bf3 Qg5 25. Re1 Bxe3 26. fxe3 Ng4 27. Bxg4 Qxg4 28. Qf2 f5
29. h3 Qe4+ 30. Kh2 Rc8 31. Re2 Rc1 32. Qg2 Qxg2+ 33. Kxg2 Kf7 34. Kf3 Nf6 35. Be5
Ne4 36. a4 g5 37. Bb8 a6 38. Ba7 b5 39. axb5 axb5 40. Bb8 Rf1+ 41. Kg2 Rd1 42. Rc2
Rd2+ 43. Rxd2 Nxd2 44. b4 Ne4 45. Kf3 Ke7 46. Ba7 Kd6 47. Bc5+ Kd5 48. Be7 h5 49.
Bd8 g4+ 50. hxg4 hxg4+ 51. Kg2 Kc4 52. Be7 Nc3 53. Bd6 Kd3 54. Bc5 Nd5 55. Kf2 Nxe3
 0-1

[Event "Pilsen Open 2023 - B FIDE open"]
[Site "Parkhotel Plzen ****, Plzen"]
[Date "2023.03.05"]
[Round "2"]
[Board "9"]
[White "Krilovs, Nikolajs"]
[Black "Schindele, Andreas"]
[Result "1-0"]
[WhiteElo "2102"]
[BlackElo "1856"]
[PlyCount "97"]
[EventDate "2023.03.04"]
[EventRounds "9"]
[EventCountry "CZE"]

1. c4 Nf6 2. Nc3 g6 3. e4 d6 4. g3 Bg7 5. Bg2 O-O 6. Nge2 c5 7. O-O Nc6 8. d3 e5
9. Rb1 Bg4 10. f3 Be6 11. h3 Qd7 12. Kh2 Nd4 13. f4 Ne8 14. b4 Rb8 15. fxe5 Nxe2
16. Nxe2 Bxe5 17. Be3 Qc7 18. Nf4 Ng7 19. Qd2 b6 20. Bf3 Qd7 21. Qg2 h5 22. Rfd1
Qe7 23. Kh1 cxb4 24. d4 Bxf4 25. gxf4 Bxc4 26. f5 gxf5 27. Bh6 Qf6 28. Bxg7 Qxg7
29. Qc2 Kh8 30. Qxc4 Qg3 31. Bg2 Rg8 32. Qe2 Rg5 33. Rb3 Qh4 34. Qe1 Qxe1+ 35. Rxe1
Rbg8 36. Bf3 fxe4 37. Rxe4 a5 38. Rh4 Rg1+ 39. Kh2 Ra1 40. Rxh5+ Kg7 41. Rb2 Rc8
42. Rf2 Rc3 43. Rg5+ Kf6 44. Rb5 Ke7 45. Rxb6 Rd3 46. Bd5 f6 47. Re2+ Kd7 48. Rb7+
Kd8 49. Bc6  1-0

[Event "Pilsen Open 2023 - B FIDE open"]
[Site "Parkhotel Plzen ****, Plzen"]
[Date "2023.03.05"]
[Round "2"]
[Board "10"]
[White "Chubar, Vladimir"]
[Black "Lihotsky, Lukas"]
[Result "0-1"]
[WhiteElo "1802"]
[BlackElo "2053"]
[PlyCount "68"]
[EventDate "2023.03.04"]
[EventRounds "9"]
[EventCountry "CZE"]

1. Nf3 d5 2. d4 c6 3. Nc3 Bf5 4. Bf4 Nf6 5. e3 e6 6. Bd3 Nbd7 7. Ne5 Bb4 8. O-O Nxe5
9. Bxe5 Bxd3 10. Qxd3 O-O 11. Ne2 Bd6 12. Bg3 c5 13. c4 cxd4 14. Qxd4 Bxg3 15. Nxg3
dxc4 16. Qxc4 Qb6 17. b3 Rac8 18. Qa4 Qc5 19. h3 h6 20. Rac1 Qxc1 21. Rxc1 Rxc1+
22. Kh2 Rc2 23. Qxa7 Rxf2 24. e4 Rc2 25. Qxb7 Rxa2 26. e5 Nd5 27. Ne4 Nf4 28. Kg3
Nxg2 29. Nd6 Ne3 30. Qd7 Rb2 31. Qb7 Nd5 32. Kh4 Rg2 33. Nf5 Nf4 34. Ne7+ Kh8  0-1

[Event "Pilsen Open 2023 - B FIDE open"]
[Site "Parkhotel Plzen ****, Plzen"]
[Date "2023.03.05"]
[Round "2"]
[Board "11"]
[White "Cote, Frederic"]
[Black "Folkova, Martina"]
[Result "0-1"]
[WhiteElo "1795"]
[BlackElo "2044"]
[PlyCount "114"]
[EventDate "2023.03.04"]
[EventRounds "9"]
[EventCountry "CZE"]

1. c4 e6 2. Nc3 d5 3. d4 Nf6 4. cxd5 exd5 5. Bg5 Be7 6. e3 Nbd7 7. Bd3 Nf8 8. Nge2
Ne6 9. Bh4 O-O 10. O-O g6 11. a3 a5 12. Bxf6 Bxf6 13. b4 axb4 14. axb4 Rxa1 15. Qxa1
c6 16. Qa2 Ng7 17. b5 Be7 18. Ra1 Bd6 19. bxc6 bxc6 20. Rc1 Nf5 21. Ng3 Ne7 22. Na4
h5 23. Ne2 h4 24. h3 Bb8 25. Nc5 Qd6 26. f4 Nf5 27. Bxf5 Bxf5 28. Qd2 Re8 29. Rc3
Ba7 30. Kf2 Rb8 31. Nc1 g5 32. N1d3 f6 33. Rb3 Rb5 34. Rxb5 cxb5 35. Qa5 Bxc5 36.
dxc5 Qd7 37. Qa8+ Kg7 38. c6 Qc8 39. Qb7+ Kf8 40. Nb4 gxf4 41. Qxc8+ Bxc8 42. exf4
Ke7 43. Nxd5+ Kd6 44. Nxf6 Kxc6 45. g4 hxg3+ 46. Kxg3 Bf5 47. Kf3 b4 48. Ne4 Kd5
49. Nd2 Bxh3 50. Ke3 Bf5 51. Ke2 Kd4 52. Kd1 Kc3 53. Kc1 Bd3 54. Kd1 Kb2 55. Nf3
Be4 56. Ne5 Kc3 57. Kc1 b3  0-1

[Event "Pilsen Open 2023 - B FIDE open"]
[Site "Parkhotel Plzen ****, Plzen"]
[Date "2023.03.06"]
[Round "3"]
[Board "1"]
[White "Sorm, Daniel"]
[Black "Lihotsky, Lukas"]
[Result "0-1"]
[WhiteElo "2322"]
[BlackElo "2053"]
[PlyCount "98"]
[EventDate "2023.03.04"]
[EventRounds "9"]
[EventCountry "CZE"]

1. e4 c6 2. d4 d5 3. e5 Bf5 4. g4 Be4 5. f3 Bg6 6. e6 Qd6 7. exf7+ Bxf7 8. Nc3 e5
9. dxe5 Qxe5+ 10. Nge2 Bd6 11. Bf4 Qe7 12. Bxd6 Qxd6 13. Qd2 Nd7 14. O-O-O Ne5 15.
Ng3 Ne7 16. Nce4 Qc7 17. Ng5 O-O 18. Be2 Rad8 19. Kb1 Nc4 20. Qd3 Bg6 21. Qc3 Bf7
22. Nxf7 Rxf7 23. Bxc4 dxc4 24. Qxc4 b5 25. Qe6 Nd5 26. Nf5 Qd7 27. Qe4 Re8 28. Qd3
Rf6 29. h4 Rfe6 30. h5 h6 31. Rhg1 Re5 32. Qd4 a5 33. a3 a4 34. Ng3 Qf7 35. Nf5 Qd7
36. Qd3 Kh8 37. f4 Re4 38. Nh4 Re3 39. Qd4 R3e4 40. Qf2 b4 41. Ng6+ Kh7 42. Qc5 Qb7
43. Ka1 bxa3 44. Qxa3 Re3 45. c3 Qb3 46. Qxb3 axb3 47. c4 Nb4 48. Kb1 Nc2 49. Rg2
Re1  0-1

[Event "Pilsen Open 2023 - B FIDE open"]
[Site "Parkhotel Plzen ****, Plzen"]
[Date "2023.03.06"]
[Round "3"]
[Board "2"]
[White "Folkova, Martina"]
[Black "Kulkarni, Bhakti"]
[Result "0-1"]
[WhiteElo "2044"]
[BlackElo "2303"]
[PlyCount "76"]
[EventDate "2023.03.04"]
[EventRounds "9"]
[EventCountry "CZE"]

1. e4 e5 2. Nf3 Nc6 3. Bb5 g6 4. O-O Bg7 5. c3 a6 6. Ba4 d6 7. h3 Nge7 8. d4 b5 9.
Bc2 exd4 10. cxd4 O-O 11. Nc3 h6 12. Be3 Na5 13. a4 Bd7 14. Bd3 Qb8 15. d5 b4 16.
Ne2 c5 17. dxc6 Nexc6 18. Ned4 Qb7 19. b3 Rfd8 20. Rb1 d5 21. Qc2 Rdc8 22. Qe2 Re8
23. Nxc6 Nxc6 24. exd5 Ne7 25. Qd2 Kh7 26. Bc4 Bc3 27. Qc1 Bf5 28. d6 Nd5 29. Bxh6
Bxb1 30. Ng5+ Kxh6 31. Ne4+ Kg7 32. Qxb1 Nf4 33. f3 Bd4+ 34. Kh1 f5 35. Ng5 Bf6 36.
Nf7 Ne6 37. d7 Qxd7 38. Nd6 Qxd6  0-1

[Event "Pilsen Open 2023 - B FIDE open"]
[Site "Parkhotel Plzen ****, Plzen"]
[Date "2023.03.06"]
[Round "3"]
[Board "3"]
[White "Chinguun, Bayaraa"]
[Black "Wojtczak, Maciej"]
[Result "1-0"]
[WhiteElo "2013"]
[BlackElo "2242"]
[PlyCount "61"]
[EventDate "2023.03.04"]
[EventRounds "9"]
[EventCountry "CZE"]

1. d4 Nf6 2. Nf3 g6 3. c4 Bg7 4. Nc3 O-O 5. e4 d6 6. Be2 Bg4 7. Be3 Nc6 8. d5 Bxf3
9. Bxf3 Ne5 10. Be2 c5 11. f4 Ned7 12. O-O a6 13. a4 Re8 14. Qc2 e6 15. dxe6 Rxe6
16. Rad1 Qb6 17. Bf2 Rae8 18. Bf3 Nb8 19. f5 R6e7 20. Bg3 Rd7 21. a5 Qxa5 22. Bxd6
Nc6 23. Qc1 Rdd8 24. Qf4 Nd7 25. Bc7 Qb4 26. f6 Nxf6 27. Bxd8 Nxd8 28. e5 Ne6 29.
Qg3 Nh5 30. Bxh5 gxh5 31. Nd5  1-0

[Event "Pilsen Open 2023 - B FIDE open"]
[Site "Parkhotel Plzen ****, Plzen"]
[Date "2023.03.06"]
[Round "3"]
[Board "4"]
[White "Zubova, Mariya"]
[Black "Turner, Radek"]
[Result "1-0"]
[WhiteElo "2226"]
[BlackElo "1993"]
[PlyCount "49"]
[EventDate "2023.03.04"]
[EventRounds "9"]
[EventCountry "CZE"]

1. e4 e6 2. d4 d5 3. exd5 exd5 4. Bd3 Nf6 5. h3 c5 6. Nf3 c4 7. Be2 Be7 8. O-O O-O
9. b3 b5 10. a4 cxb3 11. axb5 bxc2 12. Qxc2 a6 13. Ne5 Bb7 14. Nc3 Qc7 15. Qb3 axb5
16. Nxb5 Qb6 17. Bf4 Rxa1 18. Rxa1 Ne4 19. Rb1 g5 20. Be3 f6 21. Bf3 Kg7 22. Bxe4
fxe5 23. Bxd5 e4 24. Nc3 Qxb3 25. Rxb3  1-0

[Event "Pilsen Open 2023 - B FIDE open"]
[Site "Parkhotel Plzen ****, Plzen"]
[Date "2023.03.06"]
[Round "3"]
[Board "5"]
[White "Eret, Jonas"]
[Black "Gil, Arthur"]
[Result "1-0"]
[WhiteElo "2196"]
[BlackElo "1956"]
[PlyCount "79"]
[EventDate "2023.03.04"]
[EventRounds "9"]
[EventCountry "CZE"]

1. d4 Nf6 2. Bf4 d5 3. e3 e6 4. Nf3 Bd6 5. Bg3 O-O 6. Nbd2 b6 7. Bd3 c5 8. c3 Ba6
9. Bxa6 Nxa6 10. Qe2 Nc7 11. dxc5 bxc5 12. e4 Bxg3 13. hxg3 e5 14. Nxe5 Re8 15. f4
dxe4 16. O-O-O Ncd5 17. Nxe4 Qa5 18. Nxf6+ Nxf6 19. Qc4 Re6 20. Nxf7 Qa6 21. Qxa6
Rxa6 22. Ne5 Rxa2 23. Kb1 Ra4 24. Rhe1 Rb8 25. Nd7 Nxd7 26. Rxd7 Ra6 27. Rc7 Rab6
28. Re2 Rg6 29. Rxc5 Rxg3 30. Rc7 a5 31. Kc2 Rg4 32. Rf2 a4 33. Ra7 Rf8 34. Rxa4
g5 35. Rd4 h5 36. b4 h4 37. b5 Rgxf4 38. Rdxf4 Rxf4 39. Rxf4 gxf4 40. b6  1-0

[Event "Pilsen Open 2023 - B FIDE open"]
[Site "Parkhotel Plzen ****, Plzen"]
[Date "2023.03.06"]
[Round "3"]
[Board "6"]
[White "Boeren, Jurriaan"]
[Black "Folk, Petr"]
[Result "1/2-1/2"]
[WhiteElo "1998"]
[BlackElo "2132"]
[PlyCount "43"]
[EventDate "2023.03.04"]
[EventRounds "9"]
[EventCountry "CZE"]

1. e4 c5 2. Nf3 Nc6 3. Bb5 e6 4. O-O Nge7 5. Re1 a6 6. Bf1 d5 7. exd5 Nxd5 8. d4
Nf6 9. Be3 cxd4 10. Nxd4 Nxd4 11. Bxd4 Bd7 12. c4 Bc6 13. Nc3 Be7 14. a3 O-O 15.
b4 b6 16. Qd3 Qc7 17. Rad1 Rad8 18. Qe3 Ng4 19. Qh3 Nf6 20. Qe3 Ng4 21. Qh3 Nf6 22.
Qe3  1/2-1/2

[Event "Pilsen Open 2023 - B FIDE open"]
[Site "Parkhotel Plzen ****, Plzen"]
[Date "2023.03.06"]
[Round "3"]
[Board "7"]
[White "Wiley, Tom E"]
[Black "Nagrocki, Marek"]
[Result "1-0"]
[WhiteElo "2125"]
[BlackElo "1734"]
[PlyCount "88"]
[EventDate "2023.03.04"]
[EventRounds "9"]
[EventCountry "CZE"]

1. d4 g6 2. c4 Bg7 3. e4 d6 4. Nc3 Nd7 5. Be3 b6 6. Nf3 c5 7. d5 Ngf6 8. h3 O-O 9.
Be2 a6 10. Qd2 Re8 11. O-O Rb8 12. a4 Rf8 13. Rac1 Ne8 14. Bf4 Rb7 15. Rfe1 Kh8 16.
Bf1 Ne5 17. Nh2 Nc7 18. Bh6 Bxh6 19. Qxh6 f6 20. Qe3 g5 21. g3 Bd7 22. f4 gxf4 23.
gxf4 Ng6 24. Nf3 b5 25. axb5 axb5 26. b3 bxc4 27. bxc4 Rg8 28. Kh2 Qf8 29. e5 Bf5
30. Ne2 Qh6 31. Ng3 Bxh3 32. Bxh3 Nxf4 33. Ng1 Rb2+ 34. Kh1 fxe5 35. N3e2 Rg7 36.
Nxf4 exf4 37. Qc3 Rbg2 38. Rxe7 Kg8 39. Rxg7+ Rxg7 40. Qb2 Ne8 41. Qh2 Kh8 42. Rf1
Rg3 43. Be6 Qg7 44. Rxf4 Nc7  1-0

[Event "Pilsen Open 2023 - B FIDE open"]
[Site "Parkhotel Plzen ****, Plzen"]
[Date "2023.03.06"]
[Round "3"]
[Board "8"]
[White "Kubat, Miroslav"]
[Black "Krilovs, Nikolajs"]
[Result "1/2-1/2"]
[WhiteElo "1967"]
[BlackElo "2102"]
[PlyCount "97"]
[EventDate "2023.03.04"]
[EventRounds "9"]
[EventCountry "CZE"]

1. e4 e6 2. d4 d5 3. e5 c5 4. c3 Qb6 5. Nf3 Nc6 6. Be2 cxd4 7. cxd4 Nh6 8. b3 Bb4+
9. Kf1 Nf5 10. Bb2 h5 11. h4 Bd7 12. a3 Be7 13. b4 O-O-O 14. b5 Na5 15. a4 Kb8 16.
Na3 f6 17. Nc2 Rhf8 18. Bc3 Rc8 19. Qe1 Nc4 20. Bxc4 Rxc4 21. Ba5 Qxa5 22. Qxa5 Rxc2
23. exf6 Bxf6 24. Qb4 Rfc8 25. Kg1 R2c4 26. Qa3 Rc3 27. Qb2 Nxd4 28. Nxd4 Bxd4 29.
Qb4 Bc5 30. Qf4+ Ka8 31. Rh3 e5 32. Qxe5 Bxh3 33. gxh3 Rc2 34. Qxd5 Bxf2+ 35. Kh1
R2c5 36. Qf3 Bxh4 37. Rd1 Bf6 38. Qd3 h4 39. a5 Rc3 40. Qd7 R3c7 41. Qg4 a6 42. bxa6
bxa6 43. Qf3+ Ka7 44. Qe3+ Ka8 45. Rb1 Rc6 46. Qe4 Ka7 47. Qe3+ Ka8 48. Qe4 Ka7 49.
Qe3+  1/2-1/2

[Event "Pilsen Open 2023 - B FIDE open"]
[Site "Parkhotel Plzen ****, Plzen"]
[Date "2023.03.06"]
[Round "3"]
[Board "9"]
[White "Heinzel, Olaf"]
[Black "Hosnedl, Jiri"]
[Result "1-0"]
[WhiteElo "2284"]
[BlackElo "1864"]
[PlyCount "51"]
[EventDate "2023.03.04"]
[EventRounds "9"]
[EventCountry "CZE"]

1. d4 d5 2. Bf4 Nf6 3. e3 Bf5 4. Nd2 e6 5. Ngf3 Bd6 6. Ne5 Nbd7 7. Be2 Bxe5 8. dxe5
Ne4 9. Nxe4 Bxe4 10. O-O c6 11. f3 Bg6 12. c4 Qb6 13. Qd2 O-O 14. Rac1 Rac8 15. Rc3
Rfd8 16. cxd5 exd5 17. Rb3 Qc7 18. e6 Ne5 19. exf7+ Bxf7 20. Qd4 Re8 21. Qxa7 Re7
22. Bg3 b5 23. Qxc7 Rcxc7 24. Rc1 Ra7 25. Bxe5 Rxe5 26. Rxc6  1-0

[Event "Pilsen Open 2023 - B FIDE open"]
[Site "Parkhotel Plzen ****, Plzen"]
[Date "2023.03.06"]
[Round "3"]
[Board "10"]
[White "Weijers, Ralf"]
[Black "Simet, Martin"]
[Result "1/2-1/2"]
[WhiteElo "1890"]
[BlackElo "2201"]
[PlyCount "61"]
[EventDate "2023.03.04"]
[EventRounds "9"]
[EventCountry "CZE"]

1. e4 c6 2. Bc4 d5 3. Bb3 e5 4. exd5 cxd5 5. d4 e4 6. f3 Bd6 7. Nc3 Qh4+ 8. Kf1 Nc6
9. Bxd5 Nf6 10. Bxe4 O-O 11. Nge2 Be6 12. g3 Qh3+ 13. Kf2 Rad8 14. Bxc6 bxc6 15.
Ne4 Nxe4+ 16. fxe4 f5 17. e5 Bxe5 18. Nf4 Bxf4 19. Bxf4 Bd5 20. Qf1 Qg4 21. Qd3 g5
22. h3 Qh5 23. Be5 f4 24. gxf4 Qh4+ 25. Ke2 Bxh1 26. Rxh1 Rd5 27. Qe3 c5 28. Rg1
Rf5 29. Qf3 Qh5 30. Rg4 Qf7 31. Bb8  1/2-1/2

[Event "Pilsen Open 2023 - B FIDE open"]
[Site "Parkhotel Plzen ****, Plzen"]
[Date "2023.03.07"]
[Round "4"]
[Board "1"]
[White "Kulkarni, Bhakti"]
[Black "Wiley, Tom E"]
[Result "1/2-1/2"]
[WhiteElo "2303"]
[BlackElo "2125"]
[PlyCount "99"]
[EventDate "2023.03.04"]
[EventRounds "9"]
[EventCountry "CZE"]

1. Nf3 Nf6 2. c4 e6 3. g3 a6 4. Bg2 b5 5. b3 c5 6. Bb2 Bb7 7. O-O Be7 8. d3 O-O 9.
e4 d6 10. Qd2 Nc6 11. Nc3 bxc4 12. dxc4 Qc7 13. Rad1 Rfd8 14. Rfe1 Ne8 15. h4 Bf6
16. g4 Nd4 17. g5 Nxf3+ 18. Bxf3 Bd4 19. Ne2 Bxb2 20. Qxb2 Qe7 21. Bg2 f6 22. f4
fxg5 23. fxg5 e5 24. Ng3 g6 25. Nf1 Ng7 26. Ne3 Ne6 27. Ng4 Nd4 28. Rf1 Rf8 29. Nf6+
Kg7 30. Rf2 Rf7 31. Rdf1 Raf8 32. Bh3 h5 33. Kh2 Bc6 34. Qc3 Qb7 35. Qe3 a5 36. Qe1
Qc7 37. Qd1 Qb7 38. Qe1 Qc7 39. Qd2 Qd8 40. Kg3 Kh8 41. Qd1 Kg7 42. Qe1 Qc7 43. Qd2
Qd8 44. Qd1 Qc7 45. Qe1 Qd8 46. Qd2 Qc7 47. Qd1 Qb7 48. Qe1 Qc7 49. Qd1 Qb7 50. Qe1
 1/2-1/2

[Event "Pilsen Open 2023 - B FIDE open"]
[Site "Parkhotel Plzen ****, Plzen"]
[Date "2023.03.07"]
[Round "4"]
[Board "3"]
[White "Chinguun, Bayaraa"]
[Black "Eret, Jonas"]
[Result "0-1"]
[WhiteElo "2013"]
[BlackElo "2196"]
[PlyCount "70"]
[EventDate "2023.03.04"]
[EventRounds "9"]
[EventCountry "CZE"]

1. d4 e6 2. c4 Nf6 3. Nf3 b6 4. g3 Ba6 5. Qa4 c6 6. Nc3 d5 7. cxd5 exd5 8. Bg5 Be7
9. Bg2 O-O 10. Bxf6 Bxf6 11. O-O Bb7 12. Qb3 Re8 13. Rfe1 Nd7 14. e4 dxe4 15. Nxe4
Nf8 16. Nxf6+ Qxf6 17. Ne5 Re7 18. Rac1 Rd8 19. Qa4 c5 20. Bxb7 Rxd4 21. Qxa7 Rxe5
22. Rxe5 Qxe5 23. Rc2 Qe1+ 24. Kg2 Rd1 25. Qa6 g5 26. Qe2 Qg1+ 27. Kh3 Rd4 28. f4
gxf4 29. gxf4 Ng6 30. Qg2 Qe3+ 31. Qg3 Qe6+ 32. Kg2 Rxf4 33. Bf3 Rxf3 34. Kxf3 Qf5+
35. Ke3 Qxc2  0-1

[Event "Pilsen Open 2023 - B FIDE open"]
[Site "Parkhotel Plzen ****, Plzen"]
[Date "2023.03.07"]
[Round "4"]
[Board "5"]
[White "Folk, Petr"]
[Black "Kubat, Miroslav"]
[Result "1-0"]
[WhiteElo "2132"]
[BlackElo "1967"]
[PlyCount "86"]
[EventDate "2023.03.04"]
[EventRounds "9"]
[EventCountry "CZE"]

1. e4 c5 2. Nf3 Nc6 3. d4 cxd4 4. Nxd4 Nf6 5. Nc3 e5 6. Ndb5 d6 7. Bg5 a6 8. Na3
b5 9. Bxf6 gxf6 10. Nd5 f5 11. c3 Bg7 12. exf5 Bxf5 13. Nc2 O-O 14. Nce3 Be6 15.
Bd3 f5 16. O-O Kh8 17. Qh5 e4 18. Bc2 Ne5 19. Nf4 Bd7 20. Ned5 Ra7 21. a4 Be8 22.
Qh3 Qa8 23. Rfd1 Bd7 24. Nb6 Qc6 25. Nxd7 Rxd7 26. Bb3 Re7 27. Rd2 d5 28. Nxd5 Ree8
29. axb5 axb5 30. Nb4 Qg6 31. Qg3 Qh6 32. Rd5 Bf6 33. Rd6 Re7 34. Nd5 Rg7 35. Qxe5
Qh3 36. Qg3 Rxg3 37. hxg3 Qh6 38. Nxf6 Rxf6 39. Ra8+ Rf8 40. Rxh6 Rxa8 41. Rf6 Ra1+
42. Kh2 Rb1 43. Rxf5 Rxb2  1-0

[Event "Pilsen Open 2023 - B FIDE open"]
[Site "Parkhotel Plzen ****, Plzen"]
[Date "2023.03.07"]
[Round "4"]
[Board "6"]
[White "Krilovs, Nikolajs"]
[Black "Boeren, Jurriaan"]
[Result "1-0"]
[WhiteElo "2102"]
[BlackElo "1998"]
[PlyCount "101"]
[EventDate "2023.03.04"]
[EventRounds "9"]
[EventCountry "CZE"]

1. d4 d5 2. c4 e6 3. Nf3 Nf6 4. g3 Be7 5. Bg2 O-O 6. O-O c6 7. Qc2 b6 8. Nbd2 Bb7
9. b3 Nbd7 10. Bb2 Rc8 11. Rad1 Qc7 12. Rfe1 Rfd8 13. Bh3 c5 14. cxd5 Nxd5 15. Nc4
Nb4 16. Qb1 Nf6 17. Ng5 cxd4 18. Bxd4 Qc6 19. e4 Nd7 20. Be3 Qc7 21. Nxe6 fxe6 22.
Bxe6+ Kh8 23. Bf4 Qc6 24. Bd6 Bxd6 25. Rxd6 Qc7 26. Red1 Bc6 27. a3 Na6 28. b4 Ba4
29. R1d2 Nab8 30. b5 Qc5 31. Qb4 Qxb4 32. axb4 Bb3 33. Bxd7 Rxd7 34. Ne5 Rxd6 35.
Rxd6 Kg8 36. f4 Bc2 37. Rd4 Kf8 38. Kf2 Ke8 39. Nc4 Rd8 40. Nd6+ Kf8 41. Ke3 g6 42.
e5 Bb3 43. g4 Ke7 44. f5 Nd7 45. f6+ Kf8 46. Nb7 Re8 47. Rxd7 Rxe5+ 48. Kf4 Re6 49.
g5 Re1 50. Rd8+ Kf7 51. Nd6+  1-0

[Event "Pilsen Open 2023 - B FIDE open"]
[Site "Parkhotel Plzen ****, Plzen"]
[Date "2023.03.07"]
[Round "4"]
[Board "7"]
[White "Paldus, Petr"]
[Black "Sorm, Daniel"]
[Result "0-1"]
[WhiteElo "1984"]
[BlackElo "2322"]
[PlyCount "72"]
[EventDate "2023.03.04"]
[EventRounds "9"]
[EventCountry "CZE"]

1. e4 c6 2. d4 d5 3. exd5 cxd5 4. Bd3 Nc6 5. c3 Qc7 6. Bg5 Nf6 7. Nd2 Bg4 8. Qc2
e6 9. Ne2 Bxe2 10. Bxe2 Nxd4 11. Qa4+ Nc6 12. Bxf6 gxf6 13. Nf3 Bg7 14. h4 f5 15.
h5 h6 16. Kf1 O-O-O 17. b4 Kb8 18. Rc1 Qf4 19. Rc2 Bf6 20. Rh3 Rc8 21. c4 Nd4 22.
Nxd4 Bxd4 23. Rf3 Qh4 24. Bd1 dxc4 25. Rh3 Qe7 26. b5 Qc5 27. Be2 c3 28. Rd3 e5 29.
f4 f6 30. Bf3 Rhd8 31. Be2 Bg1 32. Rf3 Bh2 33. Bd3 Qg1+ 34. Ke2 Qxg2+ 35. Rf2 Qg4+
36. Kf1 Qd1+  0-1

[Event "Pilsen Open 2023 - B FIDE open"]
[Site "Parkhotel Plzen ****, Plzen"]
[Date "2023.03.07"]
[Round "4"]
[Board "8"]
[White "Wojtczak, Maciej"]
[Black "Chubar, Vladimir"]
[Result "1/2-1/2"]
[WhiteElo "2242"]
[BlackElo "1802"]
[PlyCount "110"]
[EventDate "2023.03.04"]
[EventRounds "9"]
[EventCountry "CZE"]

1. Nf3 g6 2. g3 Bg7 3. d4 d6 4. Bg2 Nc6 5. O-O Bg4 6. c3 e5 7. dxe5 dxe5 8. Qb3 Rb8
9. Rd1 Qe7 10. Bg5 Nf6 11. h3 Be6 12. Qa4 h6 13. Bxf6 Bxf6 14. Nbd2 O-O 15. Nf1 Bg7
16. e4 Qc5 17. Ne3 Rbd8 18. Qc2 Rxd1+ 19. Rxd1 f5 20. b4 Qe7 21. Nh4 Qf7 22. exf5
gxf5 23. Bd5 e4 24. Qb3 Bxd5 25. Nxd5 Kh7 26. Ne3 Qxb3 27. axb3 f4 28. Nef5 fxg3
29. fxg3 Rd8 30. Rxd8 Nxd8 31. Nxg7 Kxg7 32. Kf2 Kf6 33. Ke3 Nf7 34. Ng2 Ke5 35.
g4 Nd6 36. c4 Nf7 37. Nf4 Nd6 38. Nd5 c6 39. Nc3 b6 40. c5 bxc5 41. bxc5 Nb7 42.
Nxe4 Na5 43. Nd2 Kd5 44. h4 Nb7 45. b4 a5 46. bxa5 Nxa5 47. h5 Ke5 48. Nf3+ Kf6 49.
Kf4 Nb3 50. Ne5 Nxc5 51. Nxc6 Ne6+ 52. Kg3 Kg5 53. Ne5 Kf6 54. Nf3 Nc5 55. Kh4 Ne6
 1/2-1/2

[Event "Pilsen Open 2023 - B FIDE open"]
[Site "Parkhotel Plzen ****, Plzen"]
[Date "2023.03.07"]
[Round "4"]
[Board "10"]
[White "Nagrocki, Marek"]
[Black "Folkova, Martina"]
[Result "1/2-1/2"]
[WhiteElo "1734"]
[BlackElo "2044"]
[PlyCount "29"]
[EventDate "2023.03.04"]
[EventRounds "9"]
[EventCountry "CZE"]

1. b3 e5 2. Bb2 Nc6 3. e3 Nf6 4. Bb5 Qe7 5. Ne2 a6 6. Bxc6 bxc6 7. f4 e4 8. c4 g6
9. O-O Bg7 10. Ng3 O-O 11. f5 Bb7 12. Nc3 d5 13. Nce2 Rad8 14. Qc2 Rd7 15. c5  1/2-1/2

[Event "Pilsen Open 2023 - B FIDE open"]
[Site "Parkhotel Plzen ****, Plzen"]
[Date "2023.03.07"]
[Round "4"]
[Board "11"]
[White "Bergerhoff, Andreas"]
[Black "Macho, Miloslav"]
[Result "1-0"]
[WhiteElo "2016"]
[BlackElo "1736"]
[PlyCount "47"]
[EventDate "2023.03.04"]
[EventRounds "9"]
[EventCountry "CZE"]

1. d4 Nf6 2. Nc3 d5 3. Bf4 c6 4. e3 Bg4 5. Be2 Bxe2 6. Qxe2 Qa5 7. Nf3 Ne4 8. O-O
Nxc3 9. bxc3 Qxc3 10. Rab1 b5 11. Ne5 g6 12. Rxb5 Bg7 13. Rc5 Qa3 14. c4 Qa6 15.
Qf3 e6 16. cxd5 cxd5 17. Rc7 O-O 18. Rfc1 Qxa2 19. Rxf7 Na6 20. Rxf8+ Rxf8 21. Qg4
Re8 22. h4 Nb4 23. Rc8 Qa4 24. Qxe6+  1-0